20 rappers everyone should know - Statistics

General Stats
  • This quiz has been taken 86 times
  • The average score is 10 of 20
Answer Stats
Hint Answer % Correct
8 2pac
87%
7 Eminem
85%
9 The Notorious B.I.G
81%
16 Drake
77%
4 Ice Cube
73%
6 Kendrick Lamar
73%
5 Snoop Dogg
72%
20 Jay-Z
63%
14 Kanye West
63%
15 50cent
60%
12 Dr Dre
59%
2 Nas
40%
10 Nicki Minaj
28%
19 Juice WRLD
23%
17 XXXTentacion
23%
13 Lil Baby
22%
18 Lil Uzi Vert
21%
3 21Savage
13%
1 Popsmoke
13%
11 Ludacris
9%
No matching quizzes found
Score Distribution
Percent of People with Each Score
Percentile by Number Answered
Your Score History
You have not taken this quiz